000 00833nam a22002417a 4500
003 UA-OsUOA
001 127050
007 ta
008 20171117b un ||||| |||| 00| 0 ukr d
090 _a811.161.2(091):94(477)
_bА43
942 _cBK
040 _aUA-OsUOA
_bukr
_cUA-OsUOA
_dUA-OsUOA
245 _aАкти Полтавського полкового суду 1668 1740 рр.
_bзбірник актових документів
300 _a520 с.
955 _a1
041 _aukr
080 _a811.161.2(091):94(477)
020 _a978-966-00-1577-6
260 _aК.
_bНаукова думка
_c2017
246 3 1 _aКн. 1
_nІ. П. Чепіга, У. М. Штанденко
650 7 _a8 Мовознавство. Художня література. Літературознавство
_2UDC
999 _c414219
_d414219